[Event "AUT-ch U14"]
[Site "Fuerstenfeld"]
[Date "2024.05.31"]
[Round "3"]
[White "Brown, Julian"]
[Black "Ringbauer, Daniel"]
[Result "1-0"]
[WhiteElo "1801"]
[BlackElo "1759"]
[PlyCount "101"]
[EventDate "2024.05.30"]
[EventType "swiss"]
[EventRounds "7"]
[EventCountry "AUT"]
[SourceTitle "CBM 220 Extra"]
[Source "ChessBase"]
[SourceDate "2024.07.31"]
[SourceVersion "1"]
[SourceVersionDate "2024.07.31"]
[SourceQuality "1"]

1. e4 c5 2. Nf3 e6 3. d4 cxd4 4. Nxd4 Nc6 5. Nc3 Nf6 6. Nxc6 dxc6 7. Qxd8+ Kxd8 8. Bg5 Be7 9. 0-0-0+ Ke8 10. e5 Ng4 11. Bxe7 Kxe7 12. Re1 Nxf2 13. Rg1 Ng4 14. h3 Nh6 15. g4 Ng8 16. Bc4 b6 17. Rgf1 h6 18. Rf2 g5 19. Ref1 Rh7 20. Ne4 Bd7 21. Nd6 Be8 22. Bd3 Rg7 23. Be4 Rd8 24. Bxc6 Rxd6 25. exd6+ Kd8 26. Bxe8 Kxe8 27. Kd2 f6 28. Kc3 Kd7 29. Rd2 Kc6 30. Re1 e5 31. Re4 Rd7 32. Rc4+ Kb7 33. Kb4 f5 34. gxf5 Nf6 35. a4 e4 36. Rcd4 h5 37. c4 g4 38. hxg4 hxg4 39. a5 g3 40. axb6 axb6 41. Kb5 e3 42. Rg2 Rg7 43. Rd1 Kc8 44. Kxb6 Nh5 45. c5 Nf4 46. d7+ Rxd7 47. Rxd7 Kxd7 48. Rxg3 e2 49. Rg1 Nd3 50. c6+ Kc8 51. Rg8# 1-0

[Event "AUT-ch U14"]
[Site "Fuerstenfeld"]
[Date "2024.05.30"]
[Round "2"]
[White "Ringbauer, Daniel"]
[Black "Aschenbrenner, Philip"]
[Result "1/2-1/2"]
[WhiteElo "1759"]
[BlackElo "1913"]
[PlyCount "88"]
[EventDate "2024.05.30"]
[EventType "swiss"]
[EventRounds "7"]
[EventCountry "AUT"]
[SourceTitle "CBM 220 Extra"]
[Source "ChessBase"]
[SourceDate "2024.07.31"]
[SourceVersion "1"]
[SourceVersionDate "2024.07.31"]
[SourceQuality "1"]

1. c4 Nf6 2. Nc3 g6 3. g3 Bg7 4. Bg2 d6 5. Nf3 0-0 6. 0-0 Nc6 7. d4 e5 8. dxe5 Nxe5 9. Nxe5 dxe5 10. Bg5 h6 11. Be3 c6 12. Bc5 Qxd1 13. Raxd1 Re8 14. Bd6 Be6 15. b3 Nd7 16. Ne4 f5 17. Nc5 Nxc5 18. Bxc5 Red8 19. Be7 Rxd1 20. Rxd1 Kf7 21. Bc5 Bf8 22. Bxf8 Kxf8 23. e3 Ke7 24. Kf1 a5 25. a4 Ra6 26. Rd3 Rb6 27. Ke1 e4 28. Rc3 Ra6 29. Bf1 c5 30. Rc2 Rd6 31. Rd2 Rb6 32. Rb2 Rd6 33. Be2 Kf6 34. Rd2 Rxd2 35. Kxd2 g5 36. Ke1 f4 37. Kf1 f3 38. Bd1 Ke5 39. Bc2 h5 40. Ke1 Bh3 41. Bb1 Bd7 42. Kf1 Bc6 43. Ke1 Kf5 44. Kf1 Ke5 1/2-1/2

[Event "EU Union-ch U12 20th"]
[Site "Mureck"]
[Date "2023.08.08"]
[Round "8"]
[White "Gstrein, Matteo"]
[Black "Ringbauer, Daniel"]
[Result "1/2-1/2"]
[WhiteElo "1458"]
[BlackElo "1395"]
[PlyCount "80"]
[EventDate "2023.08.02"]
[EventType "swiss"]
[EventRounds "9"]
[EventCountry "AUT"]
[SourceTitle "EXT 2024"]
[Source "ChessBase"]
[SourceDate "2023.10.10"]
[SourceVersion "1"]
[SourceVersionDate "2023.10.10"]
[SourceQuality "1"]

1. e4 c5 2. Nf3 d6 3. d3 Nc6 4. g3 g6 5. Bg2 Bg7 6. 0-0 Nf6 7. Re1 0-0 8. Nbd2 Qc7 9. Nf1 Bg4 10. c3 Ne5 11. Bf4 Nxf3+ 12. Bxf3 Bxf3 13. Qxf3 Qc6 14. Rad1 Rfe8 15. Kg2 d5 16. e5 Nd7 17. Re2 Nf8 18. Rc1 Ne6 19. Rd1 Rac8 20. d4 Red8 21. Be3 c4 22. h4 Qe8 23. g4 h6 24. a3 a5 25. Bc1 Rc6 26. h5 Nf8 27. Ng3 g5 28. Rf1 Ne6 29. Rc2 Kh7 30. Qf5+ Kg8 31. Qf3 f6 32. exf6 exf6 33. Nf5 Qf7 34. Re1 Re8 35. Rce2 Kh7 36. Qg3 Bf8 37. f4 Bd6 38. Qf3 Bb8 39. fxg5 hxg5 40. Qh3 b5 1/2-1/2

[Event "EU Union-ch U12 20th"]
[Site "Mureck"]
[Date "2023.08.07"]
[Round "7"]
[White "Timagina, Sofia"]
[Black "Ringbauer, Daniel"]
[Result "1-0"]
[WhiteElo "1496"]
[BlackElo "1395"]
[PlyCount "97"]
[EventDate "2023.08.02"]
[EventType "swiss"]
[EventRounds "9"]
[EventCountry "AUT"]
[SourceTitle "EXT 2024"]
[Source "ChessBase"]
[SourceDate "2023.10.10"]
[SourceVersion "1"]
[SourceVersionDate "2023.10.10"]
[SourceQuality "1"]

1. e4 e5 2. Nf3 Nc6 3. Bc4 Bc5 4. d3 d6 5. c3 Nf6 6. 0-0 0-0 7. Nbd2 a6 8. Bb3 Bg4 9. h3 Bh5 10. Re1 Qd7 11. Nf1 Bg6 12. Ng3 Nh5 13. Ne2 Rfe8 14. Nh4 Ba7 15. Nxg6 hxg6 16. Kf1 Qd8 17. Ng1 Na5 18. Bc2 Re6 19. Nf3 Qd7 20. d4 Rd8 21. b4 Nc4 22. Bb3 b5 23. d5 Ree8 24. Qe2 Nb6 25. Be3 Rf8 26. Ng5 Nc8 27. Bxa7 Nxa7 28. Qe3 Nc8 29. a4 Ne7 30. g4 Nf4 31. Qg3 f6 32. Ne6 Nxe6 33. dxe6 Qc6 34. Kg1 Ra8 35. a5 Rac8 36. Rad1 Rfd8 37. Qd3 Qb7 38. Rd2 Kf8 39. g5 f5 40. Qg3 f4 41. Qh4 Kg8 42. Qg4 Kf8 43. Qh4 Kg8 44. Qg4 Kf8 45. h4 Ng8 46. e7+ Nxe7 47. Qe6 d5 48. exd5 Nxd5 49. Bxd5 1-0

[Event "EU Union-ch U12 20th"]
[Site "Mureck"]
[Date "2023.08.04"]
[Round "3"]
[White "Mesic, Josip"]
[Black "Ringbauer, Daniel"]
[Result "0-1"]
[WhiteElo "1525"]
[BlackElo "1395"]
[PlyCount "37"]
[EventDate "2023.08.02"]
[EventType "swiss"]
[EventRounds "9"]
[EventCountry "AUT"]
[SourceTitle "EXT 2024"]
[Source "ChessBase"]
[SourceDate "2023.10.10"]
[SourceVersion "1"]
[SourceVersionDate "2023.10.10"]
[SourceQuality "1"]

1. d4 Nf6 2. Nc3 d5 3. Bf4 e6 4. Nb5 Na6 5. e3 c6 6. Nc3 Nc7 7. Bd3 Bd6 8. Bxd6 Qxd6 9. Nf3 0-0 10. Ne5 c5 11. Qf3 c4 12. Be2 Qb4 13. 0-0-0 b5 14. g4 Qe7 15. Qg2 b4 16. Nc6 Qd7 17. Nxb4 a5 18. g5 Ne4 19. Nbxd5 0-1

[Event "EU Union-ch U12 20th"]
[Site "Mureck"]
[Date "2023.08.03"]
[Round "2"]
[White "Ringbauer, Daniel"]
[Black "Begdullayev, Tamerlan"]
[Result "1-0"]
[WhiteElo "1395"]
[BlackElo "1677"]
[PlyCount "141"]
[EventDate "2023.08.02"]
[EventType "swiss"]
[EventRounds "9"]
[EventCountry "AUT"]
[SourceTitle "EXT 2024"]
[Source "ChessBase"]
[SourceDate "2023.10.10"]
[SourceVersion "1"]
[SourceVersionDate "2023.10.10"]
[SourceQuality "1"]

1. d4 d5 2. Nf3 Nf6 3. e3 c6 4. c4 a6 5. Nc3 b5 6. cxb5 cxb5 7. Bd3 Bg4 8. Be2 e6 9. 0-0 Bd6 10. h3 Bh5 11. Bd2 0-0 12. Re1 Nc6 13. Rc1 Qb6 14. a3 Na5 15. Ne5 Bxe2 16. Qxe2 Nc4 17. Nd3 Ne4 18. Nxe4 dxe4 19. Nc5 Bxc5 20. dxc5 Qa7 21. Bc3 a5 22. Red1 Rac8 23. a4 e5 24. axb5 Rxc5 25. b4 Rc7 26. bxa5 Nxa5 27. Bb4 Rxc1 28. Rxc1 Ra8 29. Ra1 Qb6 30. Qa2 h6 31. Bxa5 Qxb5 32. Qa4 Qc5 33. Qa3 Qb5 34. Qc3 Kh7 35. Ra3 Qb1+ 36. Kh2 Qd3 37. Bb4 Rb8 38. Qxd3 exd3 39. Bd2 e4 40. Ra2 g5 41. f3 f5 42. Kg3 Kg6 43. Kf2 Rb6 44. Bc3 Rc6 45. Bd4 Rc1 46. Ra6+ Kh7 47. Ra7+ Kg6 48. Ra2 Kh7 49. Rd2 Kg6 50. g4 h5 51. gxf5+ Kxf5 52. Rb2 exf3 53. Kxf3 g4+ 54. hxg4+ hxg4+ 55. Kf2 Rc2+ 56. Rxc2 dxc2 57. Bb2 Ke4 58. Bc1 Kd3 59. Kg3 Ke4 60. Kxg4 Ke5 61. Kf3 Kf5 62. e4+ Ke5 63. Ke3 Ke6 64. Kd4 Kd6 65. e5+ Ke6 66. Ke4 Ke7 67. Kd5 Kd7 68. e6+ Ke8 69. Kd6 Kd8 70. Bb2 Ke8 71. e7 1-0

[Event "AUT-ch U14"]
[Site "St Veit"]
[Date "2023.06.08"]
[Round "2"]
[White "Radnaev, Leo"]
[Black "Ringbauer, Daniel"]
[Result "1/2-1/2"]
[WhiteElo "1651"]
[BlackElo "1374"]
[PlyCount "124"]
[EventDate "2023.06.08"]
[EventType "swiss"]
[EventRounds "7"]
[EventCountry "AUT"]
[SourceTitle "EXT 2024"]
[Source "ChessBase"]
[SourceDate "2023.10.10"]
[SourceVersion "1"]
[SourceVersionDate "2023.10.10"]
[SourceQuality "1"]

1. e4 c5 2. Nf3 Nc6 3. d4 cxd4 4. Nxd4 g6 5. Nxc6 dxc6 6. Qxd8+ Kxd8 7. Bd2 Bg7 8. Bc3 Bxc3+ 9. Nxc3 Be6 10. 0-0-0+ Kc7 11. f4 Nf6 12. Be2 Bg4 13. Rhe1 Bxe2 14. Rxe2 Rad8 15. Red2 Rxd2 16. Rxd2 Rd8 17. Rxd8 Kxd8 18. Kd2 Kc7 19. h3 Nd7 20. Ke3 e6 21. g4 a6 22. Ne2 c5 23. e5 Nb6 24. Ke4 Nd5 25. c3 Kd7 26. f5 Ne7 27. fxe6+ Kxe6 28. Nf4+ Kd7 29. Nd5 Nc6 30. Nb6+ Ke6 31. Na4 b6 32. Nxb6 Nxe5 33. Na4 f5+ 34. gxf5+ gxf5+ 35. Kf4 Nd7 36. b4 cxb4 37. cxb4 Kf6 38. Nc5 Nxc5 39. bxc5 Ke6 40. h4 Kd5 41. Kxf5 Kxc5 42. Kg5 Kb4 43. Kh6 a5 44. Kxh7 Ka3 45. Kg6 Kxa2 46. h5 a4 47. h6 a3 48. h7 Kb1 49. h8Q a2 50. Qb8+ Ka1 51. Qe5+ Kb1 52. Qe1+ Kb2 53. Qb4+ Ka1 54. Qa3 Kb1 55. Qd3+ Kb2 56. Qe2+ Kb1 57. Qd1+ Kb2 58. Qd2+ Kb1 59. Kf5 a1Q 60. Qd3+ Ka2 61. Qb5 Qb1+ 62. Qxb1+ Kxb1 1/2-1/2

[Event "Fuerstenfeld U18 op 5th"]
[Site "Fuerstenfeld"]
[Date "2022.07.24"]
[Round "7"]
[White "Bardics, Marko"]
[Black "Ringbauer, Daniel"]
[Result "1/2-1/2"]
[WhiteElo "1353"]
[BlackElo "1186"]
[PlyCount "58"]
[EventDate "2022.07.21"]
[EventType "swiss"]
[EventRounds "7"]
[EventCountry "AUT"]
[SourceTitle "CBM 209 Extra"]
[Source "ChessBase"]
[SourceDate "2022.09.30"]
[SourceVersion "1"]
[SourceVersionDate "2022.09.30"]
[SourceQuality "1"]

1. e4 e6 2. d4 d5 3. e5 c5 4. c3 Nc6 5. f4 cxd4 6. cxd4 Bb4+ 7. Bd2 Qb6 8. Nf3 Bd7 9. Bxb4 Qxb4+ 10. Qd2 Nge7 11. Qxb4 Nxb4 12. Kd2 Rc8 13. Nc3 h5 14. a3 Nbc6 15. Bd3 g6 16. Nb5 Rb8 17. Nd6+ Kf8 18. h3 Nc8 19. Nxc8 Rxc8 20. b4 a6 21. Rac1 Ke7 22. g4 Na7 23. g5 Bb5 24. Rhg1 Bxd3 25. Kxd3 Kd7 26. Rc5 b6 27. Rc2 Rxc2 28. Kxc2 Rc8+ 29. Kb2 Ke8 1/2-1/2

[Event "Fuerstenfeld U18 op 5th"]
[Site "Fuerstenfeld"]
[Date "2022.07.23"]
[Round "4"]
[White "Vinogradov, Ilia"]
[Black "Ringbauer, Daniel"]
[Result "1-0"]
[WhiteElo "1367"]
[BlackElo "1186"]
[PlyCount "73"]
[EventDate "2022.07.21"]
[EventType "swiss"]
[EventRounds "7"]
[EventCountry "AUT"]
[SourceTitle "CBM 209 Extra"]
[Source "ChessBase"]
[SourceDate "2022.09.30"]
[SourceVersion "1"]
[SourceVersionDate "2022.09.30"]
[SourceQuality "1"]

1. e4 e6 2. d4 c5 3. c3 cxd4 4. cxd4 d5 5. e5 Nc6 6. Nf3 Bb4+ 7. Nc3 Nge7 8. Be2 Nf5 9. 0-0 Qb6 10. a3 Be7 11. Bb5 a6 12. Bxc6+ bxc6 13. Rb1 c5 14. Be3 cxd4 15. Nxd4 Nxe3 16. fxe3 0-0 17. Qh5 a5 18. Rf3 Bd7 19. Rh3 h6 20. Rg3 Bg5 21. Nce2 Kh7 22. Rxg5 g6 23. Qh4 f5 24. Rg3 Rg8 25. Rh3 h5 26. Rg3 Kh6 27. Qg5+ Kh7 28. Nf4 Qd8 29. Qxd8 Raxd8 30. h4 Rde8 31. Rf3 Kg7 32. Rff1 Kf7 33. Rbc1 Rc8 34. Kf2 Ke7 35. Ke2 Rxc1 36. Rxc1 Rc8 37. Rxc8 1-0

[Event "AUT-ch U12"]
[Site "St Veit"]
[Date "2022.04.14"]
[Round "7"]
[White "Ringbauer, Daniel"]
[Black "Wallinger, Nikolaus"]
[Result "0-1"]
[WhiteElo "1159"]
[BlackElo "1482"]
[PlyCount "130"]
[EventDate "2022.04.10"]
[EventType "swiss"]
[EventRounds "7"]
[EventCountry "AUT"]
[SourceTitle "EXT 2023"]
[Source "ChessBase"]
[SourceDate "2022.10.05"]
[SourceVersion "1"]
[SourceVersionDate "2022.10.05"]
[SourceQuality "1"]

1. Nf3 c5 2. e3 e6 3. d4 cxd4 4. exd4 d5 5. Bd3 Nc6 6. 0-0 Nf6 7. Re1 Be7 8. c3 0-0 9. Bg5 h6 10. Bh4 Bd7 11. Nbd2 Rc8 12. a3 a6 13. Qc2 b5 14. a4 Qb6 15. axb5 axb5 16. Qd1 b4 17. Ne5 bxc3 18. bxc3 Qd8 19. Qb3 Nxe5 20. Rxe5 Ne4 21. Bxe7 Nxd2 22. Qd1 Qxe7 23. Qxd2 Rc7 24. Rc1 Qa3 25. Re3 Qa5 26. h3 Rb8 27. Bf1 Bb5 28. Rb1 Rcb7 29. Bxb5 Rxb5 30. Rxb5 Rxb5 31. g3 Qa1+ 32. Re1 Rb2 33. Qe3 Rb1 34. Rxb1 Qxb1+ 35. Kg2 Qc2 36. Qf3 f5 37. Qe3 Kf7 38. Kf1 g5 39. Kg1 Ke7 40. Kf1 Qe4 41. Qxe4 fxe4 42. Ke2 Kd6 43. f3 exf3+ 44. Kxf3 e5 45. Ke3 exd4+ 46. cxd4 Kc6 47. h4 Kb5 48. hxg5 hxg5 49. Kf3 Kc4 50. Kg4 Kxd4 51. Kxg5 Ke4 52. g4 d4 53. Kf6 d3 54. g5 d2 55. g6 d1Q 56. g7 Qf3+ 57. Ke7 Qg4 58. Kf8 Qf5+ 59. Ke8 Qg6+ 60. Kf8 Qf6+ 61. Kg8 Kf5 62. Kh7 Qh4+ 63. Kg8 Kf6 64. Kf8 Qh7 65. g8N+ Ke6 0-1

[Event "AUT-ch U12"]
[Site "St Veit"]
[Date "2022.04.13"]
[Round "6"]
[White "Aschenbrenner, Philip"]
[Black "Ringbauer, Daniel"]
[Result "0-1"]
[WhiteElo "1406"]
[BlackElo "1159"]
[PlyCount "98"]
[EventDate "2022.04.10"]
[EventType "swiss"]
[EventRounds "7"]
[EventCountry "AUT"]
[SourceTitle "EXT 2023"]
[Source "ChessBase"]
[SourceDate "2022.10.05"]
[SourceVersion "1"]
[SourceVersionDate "2022.10.05"]
[SourceQuality "1"]

1. e4 e6 2. d4 d5 3. exd5 exd5 4. c4 c6 5. Nc3 dxc4 6. Bxc4 Nf6 7. Nge2 Bd6 8. 0-0 0-0 9. Bf4 Re8 10. Bg3 Be6 11. Bxe6 Rxe6 12. Qd3 Bxg3 13. Nxg3 Nbd7 14. Rad1 Qc7 15. Rc1 a6 16. d5 cxd5 17. Nxd5 Qa5 18. Nc7 Nc5 19. Rxc5 Qxc5 20. Nxe6 fxe6 21. Qb3 Qc6 22. Re1 Re8 23. Nf5 Kh8 24. Nd4 Qd5 25. Qxd5 exd5 26. Rxe8+ Nxe8 27. Nf5 g6 28. Nd4 Nc7 29. Kf1 Kg7 30. Ke2 Kf6 31. Kd3 h6 32. Nb3 b6 33. Nd4 Ne6 34. Nxe6 Kxe6 35. Kd4 Kd6 36. f4 Ke6 37. g4 b5 38. b4 h5 39. f5+ gxf5 40. gxh5 f4 41. Kd3 Kf6 42. Ke2 d4 43. Kf3 d3 44. Kf2 Kg5 45. h6 Kxh6 46. Ke1 f3 47. h4 Kh5 48. a3 Kxh4 49. Kd2 f2 0-1

[Event "AUT-ch U12"]
[Site "St Veit"]
[Date "2021.10.27"]
[Round "5.9"]
[White "Ringbauer, Daniel"]
[Black "Pausweg, Daniel"]
[Result "1/2-1/2"]
[WhiteElo "1168"]
[BlackElo "1243"]
[PlyCount "65"]
[EventDate "2021.10.25"]
[EventType "swiss"]
[EventRounds "5"]
[EventCountry "AUT"]
[SourceTitle "EXT 2023"]
[Source "ChessBase"]
[SourceDate "2022.10.05"]
[SourceVersion "1"]
[SourceVersionDate "2022.10.05"]
[SourceQuality "1"]

1. d4 Nf6 2. c4 e6 3. Nf3 Bb4+ 4. Bd2 Be7 5. Nc3 0-0 6. e4 b6 7. Bd3 Bb7 8. 0-0 d5 9. cxd5 exd5 10. e5 Nfd7 11. Qb3 c6 12. Qc2 h6 13. h3 Re8 14. Rfe1 Nf8 15. Ne2 Ne6 16. Ng3 Nd7 17. Nf5 Bf8 18. Nh2 c5 19. Qd1 Nxd4 20. Nxd4 cxd4 21. f4 Nc5 22. Qc2 Ne4 23. Nf3 Rc8 24. Qd1 Bc5 25. b4 Nc3 26. Bxc3 dxc3+ 27. bxc5 bxc5 28. Qc2 d4 29. Bc4 Bxf3 30. gxf3 Qh4 31. Kg2 Rc6 32. Bd5 Rb6 33. Qd1 1/2-1/2

[Event "AUT-ch U12"]
[Site "St Veit"]
[Date "2021.10.26"]
[Round "3.7"]
[White "Ringbauer, Daniel"]
[Black "Haselsberger, Roman"]
[Result "0-1"]
[WhiteElo "1168"]
[BlackElo "1260"]
[PlyCount "72"]
[EventDate "2021.10.25"]
[EventType "swiss"]
[EventRounds "5"]
[EventCountry "AUT"]
[SourceTitle "EXT 2023"]
[Source "ChessBase"]
[SourceDate "2022.10.05"]
[SourceVersion "1"]
[SourceVersionDate "2022.10.05"]
[SourceQuality "1"]

1. d4 d5 2. Nf3 Nf6 3. e3 Bf5 4. c4 c6 5. Nc3 e6 6. Bd3 Bg6 7. 0-0 Bd6 8. Re1 Qc7 9. e4 dxe4 10. Nxe4 Nxe4 11. Bxe4 Bh5 12. h3 Nd7 13. Bg5 h6 14. Be3 Nf6 15. Bd3 g5 16. Rc1 g4 17. hxg4 Bxg4 18. Be2 h5 19. c5 Be7 20. Qd2 Ne4 21. Qc2 Nf6 22. Qd2 Ne4 23. Qc2 Nf6 24. Qd2 Rg8 25. Bf4 Qd8 26. Ne5 Bh3 27. Bf3 Nd5 28. Bxh5 Rxg2+ 29. Kh1 Rg7 30. Rg1 Bf6 31. Rxg7 Bxg7 32. Nxf7 Qh4 33. Nd6+ Kf8 34. Be5 Bxe5 35. Qh6+ Bg7 36. Qg6 Bf5+ 0-1

[Event "AUT-ch U12"]
[Site "St Veit"]
[Date "2021.10.25"]
[Round "1.6"]
[White "Rosol, Philip"]
[Black "Ringbauer, Daniel"]
[Result "1-0"]
[WhiteElo "1541"]
[BlackElo "1168"]
[PlyCount "91"]
[EventDate "2021.10.25"]
[EventType "swiss"]
[EventRounds "5"]
[EventCountry "AUT"]
[SourceTitle "EXT 2023"]
[Source "ChessBase"]
[SourceDate "2022.10.05"]
[SourceVersion "1"]
[SourceVersionDate "2022.10.05"]
[SourceQuality "1"]

1. d4 d5 2. Nf3 Nf6 3. e3 Bf5 4. Bd3 Bg6 5. 0-0 e6 6. Nbd2 Nbd7 7. b3 Bd6 8. Bb2 Bxd3 9. cxd3 0-0 10. e4 Be7 11. Rc1 c6 12. Qe2 Qc7 13. Ne5 Rfe8 14. f4 Qb6 15. Kh1 Nxe5 16. dxe5 Nd7 17. d4 Kh8 18. Rf3 Nf8 19. Rg3 Qa5 20. a3 Bh4 21. b4 Qd8 22. Rh3 Ng6 23. g3 Be7 24. Qh5 h6 25. Qf3 dxe4 26. Nxe4 Qd7 27. Re1 a5 28. Nc5 Bxc5 29. bxc5 Rad8 30. g4 Qd5 31. Qxd5 Rxd5 32. f5 exf5 33. gxf5 Ne7 34. Rf1 g6 35. fxg6 fxg6 36. Rxh6+ Kg7 37. Rh4 Nf5 38. Rhf4 Red8 39. a4 Nxd4 40. e6 Kh6 41. e7 Re8 42. Bxd4 Rxe7 43. Rh4+ Rh5 44. Rxh5+ gxh5 45. Bc3 Re3 46. Bd2 1-0

[Event "AUT-ch U10 Online Blitz"]
[Site "Playchess.com INT"]
[Date "2020.12.11"]
[Round "6"]
[White "Ringbauer, Daniel"]
[Black "Haselsberger, Roman"]
[Result "1/2-1/2"]
[WhiteElo "1630"]
[BlackElo "1553"]
[PlyCount "113"]
[EventDate "2020.12.11"]
[EventType "swiss (blitz)"]
[EventRounds "7"]
[EventCountry "AUT"]
[SourceTitle "EXT 2022"]
[Source "ChessBase"]
[SourceDate "2021.10.06"]
[SourceVersion "1"]
[SourceVersionDate "2021.10.06"]
[SourceQuality "1"]

1. d4 d5 2. Nf3 Nf6 3. e3 e6 4. Bd3 c5 5. c3 Bd6 6. 0-0 0-0 7. Qc2 Nc6 8. Nbd2 b6 9. Ng5 h6 10. Ngf3 Bb7 11. c4 Rc8 12. cxd5 Nb4 13. Qb1 Nxd3 14. Qxd3 exd5 15. b3 Re8 16. Bb2 Ne4 17. Qe2 Qc7 18. h3 Qe7 19. Nxe4 dxe4 20. Nd2 cxd4 21. Bxd4 Rc2 22. Rac1 Rec8 23. Rxc2 Rxc2 24. Qg4 Be5 25. Bxe5 Qxe5 26. Nc4 Qe7 27. a3 Ba6 28. Rd1 Bxc4 29. bxc4 Qg5 30. Qxg5 hxg5 31. Rd8+ Kh7 32. Rd7 Rxc4 33. Rxf7 Ra4 34. Rf5 Rxa3 35. Rxg5 Ra5 36. Rg4 Ra4 37. f3 b5 38. fxe4 Kg8 39. Rg5 Rxe4 40. Rxb5 Rxe3 41. Ra5 Re7 42. Kf2 Kf7 43. Kf3 Rb7 44. Kf4 Rb4+ 45. Ke3 Rb3+ 46. Kd2 Rb2+ 47. Kc3 Rxg2 48. Rxa7+ Kf6 49. Kd4 Rd2+ 50. Ke3 Rb2 51. Ra6+ Kf7 52. Ra7+ Kg8 53. Ra8+ Kh7 54. Kf3 Rb3+ 55. Kg4 Rb4+ 56. Kg5 Rb5+ 57. Kg4 1/2-1/2